000 00588nam a2200217Ia 4500
003 0100
008 130303s9999 xx 000 0 und d
020 _a1572733136
040 _cARRUPELIB
050 _aP94.6.V35 2000
245 _aValue and communication
245 _bcritical humanistic perspectives
260 _aCresskill
260 _bHampton Press
260 _C2000
300 _ax
300 _b 177p. 24cm.
650 _bWorld wide web Internet
700 _aedited by Kevin F. Kersten, William E. Biernatzki , Kersten, Kevin F.Biernatzki, William E
942 0 0 _04
999 _c7832
_d7832